000 00599nam a22002057a 4500
005 20260113071022.0
008 260113b |||||||| |||| 00| 0 eng d
020 _a978-1-4169-9066-6
082 _aFic. M434 2010
100 _aMatson, Morgan
_951
245 _aAmy and Roger's epic detour /
_cMorgan Matson
260 _aNew York:
_bSimon and Schuster,
_cc2010
300 _a[372]p:
_bill.
541 _e7839 c.1
650 _aAutomobile travel - Fiction
_952
650 _aGuilt - Fiction
_953
650 _aGrief - Fiction
_954
650 _aDeath - Fiction
_955
650 _aFathers - Fiction
_956
999 _c2462
_d2462